[Event "San Luis zt 2.5"]
[Site "San Luis"]
[Date "2007.03.20"]
[Round "3"]
[White "Cerda Albornoz, Guillermo Fidel"]
[Black "Di Benedetto, Guillermo"]
[Result "1/2-1/2"]
[WhiteElo "2207"]
[BlackElo "2308"]
[PlyCount "80"]
[EventDate "2007.03.19"]
[EventType "swiss"]
[EventRounds "9"]
[EventCountry "ARG"]
[SourceTitle "CBM 117 Extra"]
[Source "ChessBase"]
[SourceDate "2007.05.09"]
[SourceVersion "1"]
[SourceVersionDate "2007.05.09"]
[SourceQuality "1"]

1. e4 c5 2. Nf3 Nc6 3. d4 cxd4 4. Nxd4 Nf6 5. Nc3 e5 6. Ndb5 d6 7. Bg5 a6 8. Na3 b5 9. Bxf6 gxf6 10. Nd5 f5 11. c3 Bg7 12. exf5 Bxf5 13. Nc2 0-0 14. Nce3 Be6 15. g3 b4 16. Bg2 f5 17. Qh5 bxc3 18. bxc3 Rc8 19. 0-0 Ne7 20. Rad1 e4 21. Bh3 Nxd5 22. Nxd5 Rc5 23. Ne3 Qe7 24. c4 Kh8 25. Nd5 Qd8 26. Qe2 Be5 27. f3 Bxd5 28. cxd5 Qb6 29. Kh1 Qb5 30. Qxb5 axb5 31. fxe4 Ra8 32. Rxf5 Rxa2 33. Rh5 Ra1 34. Rxa1 Bxa1 35. Bf5 Rc7 36. e5 Bxe5 37. Rh4 Bc3 38. Rh6 Bb4 39. g4 Bc5 40. g5 Kg8 1/2-1/2

[Event "American Continental 03rd"]
[Site "Buenos Aires"]
[Date "2005.08.12"]
[Round "7"]
[White "Cerda Albornoz, Guillermo Fidel"]
[Black "Lida Garcia, Fernando"]
[Result "1/2-1/2"]
[WhiteElo "2237"]
[BlackElo "2066"]
[PlyCount "44"]
[EventDate "2005.08.06"]
[EventType "swiss"]
[EventRounds "11"]
[EventCountry "ARG"]
[SourceTitle "CBM 107 Extra"]
[Source "ChessBase"]
[SourceDate "2005.09.01"]
[SourceVersion "1"]
[SourceVersionDate "2005.09.01"]
[SourceQuality "1"]

1. d4 e6 2. c4 Bb4+ 3. Bd2 c5 4. Bxb4 cxb4 5. Nf3 Nf6 6. a3 Na6 7. e3 b6 8. Be2 Bb7 9. 0-0 0-0 10. Qb3 Qe7 11. Nbd2 Rfc8 12. Qa4 bxa3 13. bxa3 Nb8 14. Rfb1 d6 15. Bd3 Rc7 16. Qb5 Nbd7 17. Qg5 h6 18. Qh4 Re8 19. a4 e5 20. Bf5 Bxf3 21. Nxf3 Rxc4 22. a5 exd4 1/2-1/2

[Event "American Continental 03rd"]
[Site "Buenos Aires"]
[Date "2005.08.10"]
[Round "5"]
[White "Cerda Albornoz, Guillermo Fidel"]
[Black "Varela, Daniel"]
[Result "1-0"]
[WhiteElo "2237"]
[BlackElo "2113"]
[PlyCount "123"]
[EventDate "2005.08.06"]
[EventType "swiss"]
[EventRounds "11"]
[EventCountry "ARG"]
[SourceTitle "CBM 107 Extra"]
[Source "ChessBase"]
[SourceDate "2005.09.01"]
[SourceVersion "1"]
[SourceVersionDate "2005.09.01"]
[SourceQuality "1"]

1. e4 c5 2. Nf3 Nc6 3. d4 cxd4 4. Nxd4 Nf6 5. Nc3 e5 6. Ndb5 d6 7. Bg5 a6 8. Na3 b5 9. Bxf6 gxf6 10. Nd5 f5 11. exf5 Bxf5 12. c3 Bg7 13. Nc2 0-0 14. Nce3 Be6 15. g3 Rb8 16. Bg2 f5 17. Qh5 Ne7 18. 0-0 f4 19. Nxe7+ Qxe7 20. Be4 h6 21. Qg6 Rf7 22. Nf5 Bxf5 23. Bxf5 Qf6 24. Qxf6 Rxf6 25. Be4 fxg3 26. fxg3 Kf7 27. Rad1 Ke6 28. Bd5+ Ke7 29. Rxf6 Bxf6 30. Kf2 a5 31. Ke3 Kd7 32. Ke4 b4 33. h4 bxc3 34. bxc3 Rb2 35. Kf5 Be7 36. Kg6 Bf8 37. g4 Be7 38. g5 hxg5 39. hxg5 Rc2 40. Rd3 Rf2 41. a4 Rf4 42. Rg3 Rxa4 43. c4 Ra2 44. Kh7 Rh2+ 45. Kg8 Rh4 46. g6 e4 47. g7 a4 48. Kf7 Rf4+ 49. Kg6 Rf6+ 50. Kh7 Bf8 51. gxf8Q Rxf8 52. Rg7+ Kc8 53. Bxe4 Rf4 54. Bd5 Rh4+ 55. Kg8 Rh2 56. Ra7 Ra2 57. Kf7 a3 58. Ke6 Kb8 59. Rb7+ Kc8 60. Kxd6 Rb2 61. Ra7 Rb6+ 62. Bc6 1-0

[Event "American Continental 03rd"]
[Site "Buenos Aires"]
[Date "2005.08.08"]
[Round "3"]
[White "Cerda Albornoz, Guillermo Fidel"]
[Black "Fedrizzi, Alan"]
[Result "1-0"]
[WhiteElo "2237"]
[BlackElo "2119"]
[PlyCount "102"]
[EventDate "2005.08.06"]
[EventType "swiss"]
[EventRounds "11"]
[EventCountry "ARG"]
[SourceTitle "CBM 107 Extra"]
[Source "ChessBase"]
[SourceDate "2005.09.01"]
[SourceVersion "1"]
[SourceVersionDate "2005.09.01"]
[SourceQuality "1"]

1. e4 c5 2. Nf3 Nc6 3. d4 cxd4 4. Nxd4 Nf6 5. Nc3 e5 6. Ndb5 d6 7. Bg5 a6 8. Na3 b5 9. Bxf6 gxf6 10. Nd5 Bg7 11. Bd3 Ne7 12. Nxe7 Qxe7 13. c4 0-0 14. 0-0 f5 15. Qf3 Re8 16. Rfe1 b4 17. Nc2 f4 18. Nxb4 Qg5 19. Be2 Rb8 20. Nd5 Re6 21. b3 Rg6 22. g3 Bg4 23. Qxg4 Qxg4 24. Bxg4 Rxg4 25. Rad1 Kf8 26. Rd3 h5 27. Kg2 Rb7 28. b4 fxg3 29. hxg3 f5 30. c5 dxc5 31. bxc5 Rg6 32. exf5 Rc6 33. f6 Bxf6 34. Nxf6 Rxf6 35. Rxe5 Rbf7 36. Rd2 h4 37. gxh4 Rg7+ 38. Kf1 Rg4 39. h5 Rc4 40. Rd6 Rxd6 41. cxd6 Rd4 42. Re6 Kf7 43. Re7+ Kf6 44. Rh7 a5 45. d7 a4 46. a3 Kf5 47. Kg2 Rd3 48. Rg7 Kf6 49. h6 Rd1 50. Kf3 Rd4 51. Ke2 Re4+ 1-0

[Event "American Continental 03rd"]
[Site "Buenos Aires"]
[Date "2005.08.07"]
[Round "2"]
[White "Elias, Leonardo"]
[Black "Cerda Albornoz, Guillermo Fidel"]
[Result "1-0"]
[WhiteElo "2061"]
[BlackElo "2237"]
[PlyCount "64"]
[EventDate "2005.08.06"]
[EventType "swiss"]
[EventRounds "11"]
[EventCountry "ARG"]
[SourceTitle "CBM 107 Extra"]
[Source "ChessBase"]
[SourceDate "2005.09.01"]
[SourceVersion "1"]
[SourceVersionDate "2005.09.01"]
[SourceQuality "1"]

1. e4 c5 2. Nf3 e6 3. d3 d5 4. Nbd2 Nc6 5. g3 g6 6. Bg2 Bg7 7. 0-0 Nge7 8. Re1 Qc7 9. c3 b6 10. Nf1 0-0 11. Bf4 e5 12. Bg5 d4 13. Bxe7 Qxe7 14. c4 Bd7 15. a3 f6 16. h4 Rf7 17. Re2 Raf8 18. Qd2 h5 19. Rb1 a5 20. b3 Kh7 21. Qe1 Bh6 22. Kh2 Bg4 23. Kg1 Bd7 24. Rbb2 Rg8 25. N1d2 g5 26. Qf1 Rfg7 27. Kh1 Nd8 28. Rb1 Rg6 29. Rb2 Nc6 30. Re1 Bf8 31. Rbb1 Qg7 32. Rbc1 Be7 1-0

[Event "Calvia U2300 opB"]
[Site "Mallorca"]
[Date "2004.10.29"]
[Round "9"]
[White "Gutierrez Herrera, Jose Antonio"]
[Black "Cerda Albornoz, Guillermo Fidel"]
[Result "1/2-1/2"]
[WhiteElo "2298"]
[BlackElo "2225"]
[PlyCount "32"]
[EventDate "2004.10.22"]
[EventType "swiss"]
[EventRounds "9"]
[EventCountry "ESP"]
[SourceTitle "EXT 2005"]
[Source "ChessBase"]
[SourceDate "2004.11.15"]
[SourceVersion "1"]
[SourceVersionDate "2004.11.15"]
[SourceQuality "1"]

1. e4 c5 2. Nf3 Nc6 3. Bb5 Qb6 4. Nc3 e6 5. 0-0 Nge7 6. Re1 a6 7. Bf1 Ng6 8. b3 Be7 9. Bb2 0-0 10. Ne2 d5 11. Ng3 d4 12. a3 e5 13. Nf5 Be6 14. d3 Rfc8 15. Bc1 Qd8 16. g3 Bf8 1/2-1/2

[Event "Internet Section 06B g/8'+2\""]
[Site "Dos Hermanas"]
[Date "2004.03.06"]
[Round "1"]
[White "Cerda Albornoz, Guillermo Fidel"]
[Black "Murdoch, John"]
[Result "1-0"]
[WhiteElo "2023"]
[BlackElo "1169"]
[PlyCount "97"]
[EventDate "2004.03.06"]
[EventType "swiss (blitz)"]
[EventRounds "9"]
[EventCountry "ESP"]
[SourceTitle "CBM 099 Extra"]
[Source "ChessBase"]
[SourceDate "2004.05.04"]
[SourceVersion "1"]
[SourceVersionDate "2004.05.04"]
[SourceQuality "1"]

1. d4 e5 2. dxe5 Bc5 3. Nf3 Ne7 4. Bg5 h6 5. Bh4 g5 6. Bg3 Ng6 7. e3 0-0 8. Bd3 Re8 9. Bxg6 fxg6 10. Qd5+ Re6 11. Qxc5 Na6 12. Qd4 c5 13. Qd5 Qa5+ 14. Nc3 Nb4 15. Qd2 b5 16. 0-0 Bb7 17. e4 Rd8 18. a3 Nc6 19. b4 cxb4 20. Nd5 bxa3 21. Qxa5 Nxa5 22. Rxa3 Nc4 23. Rxa7 Bxd5 24. exd5 Ree8 25. Nd4 b4 26. h4 gxh4 27. Bxh4 g5 28. Bg3 Nd2 29. Re1 Rf8 30. Rb7 Rb8 31. Rxb8 Rxb8 32. e6 dxe6 33. Bxb8 exd5 34. Re5 Ne4 35. Rxd5 Kf7 36. Rb5 Kf6 37. Rxb4 g4 38. f3 gxf3 39. gxf3 Ng5 40. c4 Nh3+ 41. Kh2 Nf2 42. c5 Nd3 43. c6 Nxb4 44. c7 Na6 45. c8Q Nxb8 46. Qxb8 Kg5 47. Qe5+ Kh4 48. Ne6 h5 49. Qf4# 1-0